4-Letter Geography Quiz Stats

 Plays Quiz Updated Sep 26, 2015

Challenge
Share
Tweet
Embed
Score 0/24 Timer 06:00
0 Plays Today
% Correct
Peru
85.7%
Iran
78%
Iraq
77.8%
Fiji
77.8%
Chad
77.4%
Oman
77%
Mali
76.6%
Laos
73.2%
Togo
73.1%
Cuba
71.9%
Rome
67.7%
Lima
66.6%
% Correct
Oslo
65.8%
Bern
56.1%
Riga
48.9%
Kyiv
47.9%
Doha
38.9%
Suva
37.8%
Baku
36.8%
Lomé
35.9%
Apia
35.2%
Malé
34.8%
Dili
34.2%
Juba
31.1%

You're not logged in!

Compare scores with friends on all Sporcle quizzes.
OR
Log In

You Might Also Like...

Show Comments

Extras

Top Quizzes Today


Score Distribution

Your Account Isn't Verified!

In order to create a playlist on Sporcle, you need to verify the email address you used during registration. Go to your Sporcle Settings to finish the process.

Report this User

Report this user for behavior that violates our Community Guidelines.

Details: